聖經管理解碼. 個人行動篇: (Record no. 16510)
[ view plain ]
| 000 -LEADER | |
|---|---|
| fixed length control field | 00782nam a2200229Ia 4500 |
| 008 - FIXED-LENGTH DATA ELEMENTS--GENERAL INFORMATION | |
| fixed length control field | 200824s9999||||xx |||||||||||||| ||und|| |
| 020 ## - INTERNATIONAL STANDARD BOOK NUMBER | |
| International Standard Book Number | 9577271391 |
| 020 ## - INTERNATIONAL STANDARD BOOK NUMBER | |
| International Standard Book Number | 9789577271396 |
| 041 ## - LANGUAGE CODE | |
| Language code of text/sound track or separate title | chi |
| Language code of original | eng |
| 050 ## - LIBRARY OF CONGRESS CALL NUMBER | |
| Classification number | HF5387 |
| Item number | .B85512 2000 |
| 100 ## - MAIN ENTRY--PERSONAL NAME | |
| Personal name | Burket, Larry |
| 245 #0 - TITLE STATEMENT | |
| Title | 聖經管理解碼. 個人行動篇: |
| Remainder of title | = Business by the book / |
| Statement of responsibility, etc. | Larry Burket著; 黃莉莉, 談清華譯 |
| 246 ## - VARYING FORM OF TITLE | |
| Title proper/short title | 圣经管理解码. 个人行动篇: |
| Remainder of title | = Business by the book/ |
| 260 ## - PUBLICATION, DISTRIBUTION, ETC. | |
| Place of publication, distribution, etc. | 台北 : |
| Name of publisher, distributor, etc. | 基督教宇宙光全人關懷機構 |
| Date of publication, distribution, etc. | 2000 |
| 300 ## - PHYSICAL DESCRIPTION | |
| Extent | 157 p. |
| Other physical details | ; |
| Dimensions | 21 cm. |
| 500 ## - GENERAL NOTE | |
| General note | Translation of: Business by the book. |
| 650 ## - SUBJECT ADDED ENTRY--TOPICAL TERM | |
| Topical term or geographic name entry element | Business ethics. |
| 650 ## - SUBJECT ADDED ENTRY--TOPICAL TERM | |
| Topical term or geographic name entry element | Business Religious aspects Christianity. |
| 700 ## - ADDED ENTRY--PERSONAL NAME | |
| Personal name | 談清華 |
| 700 ## - ADDED ENTRY--PERSONAL NAME | |
| Personal name | 黃莉莉 |
| Withdrawn status | Lost status | Damaged status | Not for loan | Home library | Current library | Shelving location | Date acquired | Total Checkouts | Full call number | Barcode | Date last seen | Copy number | Price effective from | Koha item type |
|---|---|---|---|---|---|---|---|---|---|---|---|---|---|---|
| GETS Theological Seminary Library | GETS Theological Seminary Library | General Stacks | 08/24/2020 | HF5387 .B85512 2000 | 00004663 | 08/24/2020 | c. 2 | 08/24/2020 | Chinese Book |